Barrioscopio del Sur : vías y dispositivos de imaginación desde el Espacio Urbano, Caso : Imaginario Dominante "Barrios del Sur"
Gorde:
| Egile nagusia: | |
|---|---|
| Beste egile batzuk: | |
| Formatua: | Ezezaguna |
| Hizkuntza: | Spanish |
| Argitaratua: |
[San José,Costa Rica]
2014
|
| Gaiak: | |
| Etiketak: |
Etiketa erantsi
Etiketarik gabe, Izan zaitez lehena erregistro honi etiketa jartzen!
|
MARC
| LEADER | 00000 a2200000 4500 | ||
|---|---|---|---|
| 003 | EA0103 | ||
| 005 | 20230222154803.0 | ||
| 008 | 140114s2014 cr 000 ||spa d | ||
| 040 | |c cru CEDI | ||
| 090 | |a TFG EA-103 | ||
| 100 | |a Villalobos Vega, Roberto |9 20159 | ||
| 245 | |a Barrioscopio del Sur : vías y dispositivos de imaginación desde el Espacio Urbano, Caso : Imaginario Dominante "Barrios del Sur" | ||
| 260 | |a [San José,Costa Rica] |c 2014 | ||
| 500 | |a Proyecto de graduación (licenciatura en arquitectura)--Universidad de Costa Rica. Facultad de Ingeniería. Escuela de Arquitectura | ||
| 501 | |a Directora de Proyecto de Graduación: Lic. Marcela Vargas Rojas | ||
| 650 | |x ESPACIO URBANO |x ESPACIO URBANO - SAN JOSE (COSTA RICA) |x IMAGEN DE LA CIUDAD |x URBANISMO - SAN JOSE (COSTA RICA) |x IMAGINACION |x ZONAS URBANAS - SAN JOSE (COSTA RICA) |9 20160 | ||
| 700 | |9 96 |a Vargas Rojas, Marcela, 1984- |d Directora del TFG | ||
| 942 | |c CEDI | ||
| 999 | |c 12707 |d 12707 | ||
